Hockey Word Chain - Statistics

General Stats
  • This quiz has been taken 191 times
  • The average score is 12 of 25
Answer Stats
Hint Answer % Correct
Last name of the Great One GRETZKY
97%
"Zebra" who enforces the rules REFEREE
82%
LA suburb home of the Ducks ANAHEIM
70%
Red Wing legend and GM YZERMAN
65%
Brothers Tony and Phil ESPOSITO
64%
1980's _____ on Ice MIRACLE
64%
Greatest defenseman of all time ORR
63%
Swinging a stick at an opponent SLASHING
63%
Minor penalty causing a player to lose balance TRIPPING
60%
Team of legends like Gretzky, Messier, Fuhr, McDavid EDMONTON
57%
Now the Colorado Avalanche NORDIQUES
48%
The Great Eight OVECHKIN
48%
Namesake of the Defenseman of the Year award NORRIS
47%
Motherland of Kings superstar Anze Kopitar SLOVENIA
47%
Home of the catfish toss tradition NASHVILLE
43%
The Solar Bears play here ORLANDO
39%
Short hall of famer or home to the 2019 Cup champs ST. LOUIS
35%
_____ Hockey League, Russia's top pro league KONTINENTAL
34%
1967-76 NHL team based in Oakland GOLDEN SEALS
31%
Goalie for the Soviets during the above tournament TRETIAK
26%
_____ Series, 1972 USSR/Canada 8-game faceoff SUMMIT
24%
Tallest NHLer of all time ZDENO
24%
Most famous NHLer from Alaska GOMEZ
13%
First name of legendary goalie Gump Worsley LORNE
9%
Town where the Islanders play ELMONT
8%
No matching quizzes found
Score Distribution
Percent of People with Each Score
Percentile by Number Answered
Your Score History
You have not taken this quiz